000 00777nam a2200217Ia 4500
003 GCL
008 140319s9999 xx 000 0 ara d
020 _a2842901977
040 _aGCL /
_cGCL
082 0 4 _aق
_b327.62
_bس م
100 1 _aسيد محمد موسى حمد
245 1 0 _aمصر ودول حوض النيل /
_cسيد محمد موسى حمد
260 _aالقاهرة :
_bالهيئة المصرية العامة للكتاب ،
_c2003
300 _a303 ص ؛
_c22 سم
490 _aتاريخ المصريين
_v225
650 0 4 _aالتعاون الدولى
650 0 4 _aمصر - الاحوال السياسية
650 0 4 _aمصر - العلاقات الخارجية
650 0 4 _aحوض البحر الابيض المتوسط
942 _2ddc
_cBK
999 _c56320
_d56320